000
00238nam a2200097Ia 4500
008
220204s9999 xx 000 0 und d
082
_a
82-3
_b
CON
245
0
_a
Connoisseur's science fiction
260
_a
England
_b
Penguin
_c
1976
942
_c
BK
999
_c
26264
_d
26264